Top Girl Names Ireland 2022 - Alphabetical - Statistics

General Stats
  • This quiz has been taken 159 times
  • The average score is 68 of 100
Answer Stats
No. Hint Name % Correct
47 S Sarah
92%
25 A Anna
88%
7 A Ava
88%
1 E Emily
88%
2 G Grace
88%
13 H Hannah
88%
87 M Mary
88%
10 O Olivia
88%
42 Z Zoe
88%
84 A Abigail
86%
64 E Eve
86%
62 R Rose
86%
11 A Amelia
85%
14 E Ella
85%
12 E Emma
85%
5 L Lily
85%
88 Z Zara
85%
65 A Ayla
83%
17 I Isla
83%
38 S Sofia
83%
21 S Sophia
83%
55 C Charlotte
81%
59 E Eva
81%
45 I Isabella
81%
54 M Maria
81%
15 F Freya
80%
27 I Isabelle
80%
4 S Sophie
80%
29 A Alice
78%
23 C Chloe
78%
9 E Ellie
78%
76 E Evelyn
78%
62 J Jessica
78%
16 L Lucy
78%
37 W Willow
78%
72 E Elizabeth
76%
91 L Laura
76%
8 M Mia
76%
49 R Rosie
76%
57 I Ivy
75%
97 M Mollie
75%
22 M Molly
75%
52 D Daisy
73%
26 E Evie
73%
76 L Lauren
73%
78 N Niamh
73%
99 G Georgia
71%
51 A Annie
69%
31 A Aoife
69%
82 C Clara
69%
35 E Erin
69%
42 H Holly
69%
36 K Kate
69%
18 S Saoirse
69%
65 A Aria
68%
81 B Bella
68%
34 K Katie
68%
50 L Leah
68%
38 R Ruby
68%
20 S Sadie
68%
99 J Julia
66%
45 M Maya
66%
19 M Millie
66%
33 C Cara
64%
90 L Luna
64%
78 P Phoebe
64%
48 A Ada
63%
84 A Ayda
63%
65 H Harper
63%
24 C Caoimhe
61%
59 M Maisie
61%
94 H Heidi
59%
31 R Róisín
59%
55 F Faye
58%
3 F Fiadh
58%
71 F Fíadh
58%
84 E Elsie
56%
80 H Hazel
56%
59 L Layla
56%
74 C Ciara
53%
75 H Hailey
53%
58 M Mila
53%
41 B Bonnie
51%
94 C Cora
51%
6 E Éabha
51%
32 S Sadhbh
51%
52 C Clodagh
47%
65 E Emilia
46%
28 R Robyn
46%
94 A Alannah
44%
98 M Maeve
44%
65 M Méabh
44%
88 N Nina
42%
44 S Sienna
42%
72 A Ailbhe
39%
82 P Penny
37%
65 A Aoibhín
34%
38 C Croía
31%
91 E Éala
29%
91 I Indie
29%
No matching quizzes found
Score Distribution
Percent of People with Each Score
Percentile by Number Answered
Your Score History
You have not taken this quiz